[Event "76. LJUBLJANSKA SAHOVSKA LIGA 2024"]
[Site "gostovanja"]
[Date "2024.03.14"]
[Round "5.7"]
[White "Kampus, Andrej"]
[Black "Acimovic, Sergej"]
[Result "1/2-1/2"]
[WhiteElo "1771"]
[BlackElo "2128"]
[PlyCount "165"]
[EventDate "2024.01.18"]
[WhiteTeam "SK DOL PRI LJUBLJANI"]
[BlackTeam "SD KOCEVJE"]

1. e4 c5 2. Nc3 Nc6 3. Bb5 g6 4. Bxc6 dxc6 5. d3 Bg7 6. Be3 b6 7. Qd2 e5 8. f4
exf4 9. Bxf4 Qh4+ 10. Bg3 Qg4 11. Nf3 Be6 12. O-O Ne7 13. Nd1 O-O 14. Nf2 Qh5
15. h3 c4 16. Bh4 Bh6 17. Qb4 c5 18. Qe1 Nc6 19. g4 Ne5 20. gxh5 Nxf3+ 21. Kh1
Nxe1 22. Raxe1 cxd3 23. Nxd3 Bxh3 24. Rf2 Rfe8 25. Nf4 Bf5 26. Nd5 Kh8 27. Nc7
Rxe4 28. Rxf5 Rxh4+ 29. Kg2 gxf5 30. Nxa8 Re4 31. Rf1 Re2+ 32. Kh3 Rxc2 33.
Rxf5 Kg7 34. Nc7 Rd2 35. Ne8+ Kf8 36. Nf6 Rxb2 37. Nxh7+ Ke7 38. Nf6 Ke6 39.
Rf3 Rxa2 40. Ng4 Bg7 41. h6 Bd4 42. h7 Ra1 43. Re3+ Kf5 44. Re8 Rh1+ 45. Nh2 a5
46. Kg2 Rg1+ 47. Kf3 Rg6 48. h8=Q Bxh8 49. Rxh8 Ke5 50. Ke3 Kd5 51. Kd3 Rg3+
52. Kc2 c4 53. Rh5+ Kd4 54. Rh4+ Kc5 55. Nf1 Rg1 56. Ne3 b5 57. Rh5+ Kc6 58.
Rf5 Rg3 59. Nd1 Kb6 60. Nc3 Rg2+ 61. Kb1 Rg1+ 62. Kc2 Rg2+ 63. Kb1 b4 64. Na4+
Ka6 65. Nb2 Rg4 66. Rc5 Kb6 67. Na4+ Ka6 68. Nb2 Rg1+ 69. Kc2 Rg2+ 70. Kb1 Rg1+
71. Kc2 b3+ 72. Kd2 Rg2+ 73. Kc1 Rc2+ 74. Kb1 Kb6 75. Na4+ Ka6 76. Nb2 Kb6 77.
Na4+ Kb7 78. Nb2 f6 79. Nxc4 a4 80. Nd6+ Kb6 81. Rxc2 bxc2+ 82. Kxc2 Kc5 83.
Ne4+ 1/2-1/2

[Event "76. LJUBLJANSKA SAHOVSKA LIGA 2024"]
[Site "gostovanja"]
[Date "2024.03.14"]
[Round "5.7"]
[White "Jalovec, Igor"]
[Black "Azinovic, Igor"]
[Result "1-0"]
[WhiteElo "1703"]
[BlackElo "1644"]
[PlyCount "29"]
[EventDate "2024.01.18"]
[WhiteTeam "SD KOCEVJE"]
[BlackTeam "SK DOL PRI LJUBLJANI"]

1. e4 c5 2. c3 Nf6 3. e5 Nd5 4. d4 cxd4 5. cxd4 d6 6. Bc4 Nb6 7. Bb3 Nc6 8. Nf3
Bg4 9. Bxf7+ Kd7 10. d5 Nxe5 11. Nxe5+ Kc7 12. Nxg4 Rc8 13. Be6 Nd7 14. Qa4 Nc5
15. Qc2 1-0

[Event "76. LJUBLJANSKA SAHOVSKA LIGA 2024"]
[Site "gostovanja"]
[Date "2024.03.14"]
[Round "5.7"]
[White "Kampus, Iva"]
[Black "Hlebec, Jure"]
[Result "1/2-1/2"]
[WhiteElo "1275"]
[BlackElo "1116"]
[PlyCount "52"]
[EventDate "2024.01.18"]
[WhiteTeam "SK DOL PRI LJUBLJANI"]
[BlackTeam "SD KOCEVJE"]

1. e4 e6 2. Nf3 d5 3. exd5 exd5 4. d4 Nf6 5. Nc3 Bd6 6. Bd3 Bg4 7. Qe2+ Be7 8.
h3 Bh5 9. Be3 Nbd7 10. g4 Bg6 11. Bxg6 hxg6 12. g5 Ne4 13. Nxd5 c6 14. Nxe7
Qxe7 15. O-O-O O-O-O 16. d5 cxd5 17. Rxd5 Kb8 18. Rhd1 f5 19. Qd3 Rxh3 20. Ne5
Nxf2 21. Qd4 Nxd1 22. Nxd7+ Rxd7 23. Qxa7+ Kc8 24. Qa8+ Kc7 25. Qa5+ Kc8 26.
Qa8+ Kc7 1/2-1/2

[Event "76. LJUBLJANSKA SAHOVSKA LIGA 2024"]
[Site "gostovanja"]
[Date "2024.03.14"]
[Round "5.7"]
[White "Krasovec, Matej"]
[Black "Kampus, Vid"]
[Result "0-1"]
[WhiteElo "1000"]
[BlackElo "1095"]
[PlyCount "72"]
[EventDate "2024.01.18"]
[WhiteTeam "SD KOCEVJE"]
[BlackTeam "SK DOL PRI LJUBLJANI"]

1. e4 e5 2. Nf3 Nf6 3. Bc4 Nc6 4. d3 h6 5. Nc3 Bb4 6. Bd2 O-O 7. Nd5 Bxd2+ 8.
Qxd2 d6 9. h3 Be6 10. Ne3 d5 11. exd5 Bxd5 12. Nxd5 Nxd5 13. Bb5 Nd4 14. Nxd4
exd4 15. O-O Qf6 16. Bc4 Nf4 17. Rae1 Qg5 18. Qxf4 Qxf4 19. Rd1 Rfe8 20. Bd5
Re2 21. Rc1 Rxf2 22. Bxb7 Rxf1+ 23. Rxf1 Qe3+ 24. Kh2 Rb8 25. Bd5 Qe5+ 26. Kh1
Qxd5 27. Kh2 Rxb2 28. Rc1 Qxa2 29. Kh1 Rb1 30. Rxb1 Qxb1+ 31. Kh2 Qxc2 32. h4
Qxd3 33. h5 Qe3 34. Kh1 d3 35. Kh2 d2 36. Kh1 d1=Q+ 0-1

[Event "76. LJUBLJANSKA SAHOVSKA LIGA 2024"]
[Site "gostovanja"]
[Date "2024.03.14"]
[Round "5.8"]
[White "Poglajen, Franc"]
[Black "Ribicic, Marko"]
[Result "0-1"]
[WhiteElo "1758"]
[BlackElo "1716"]
[PlyCount "64"]
[EventDate "2024.01.18"]
[WhiteTeam "SK KOMENDA POGI"]
[BlackTeam "ZELENCI LPP"]

1. e4 e5 2. Nf3 Nc6 3. Bc4 Be7 4. O-O Nf6 5. Nc3 O-O 6. d4 exd4 7. Nxd4 Ne5 8.
Bb3 d6 9. f4 Ng6 10. Qd3 c5 11. Nf3 a6 12. a4 Be6 13. Nd5 Nxd5 14. Bxd5 Bxd5
15. Qxd5 Bf6 16. Ra3 b5 17. axb5 axb5 18. Rxa8 Qxa8 19. Qxd6 Qxe4 20. c3 c4 21.
Re1 Qb7 22. Be3 h6 23. Kf2 Rd8 24. Qc5 Rd5 25. Qa3 Be7 26. Qa1 Nh4 27. Nxh4
Bxh4+ 28. g3 Bd8 29. Qb1 Bb6 30. Qc2 Rd3 31. h4 Qd5 32. Qc1 Rd2+ 0-1

[Event "76. LJUBLJANSKA SAHOVSKA LIGA 2024"]
[Site "gostovanja"]
[Date "2024.03.14"]
[Round "5.8"]
[White "Novakovic, Gosto"]
[Black "Babarovic, Fran"]
[Result "0-1"]
[WhiteElo "1706"]
[BlackElo "1644"]
[PlyCount "92"]
[EventDate "2024.01.18"]
[WhiteTeam "ZELENCI LPP"]
[BlackTeam "SK KOMENDA POGI"]

1. e4 e5 2. Nf3 Nc6 3. Bc4 Nf6 4. Nc3 Nxe4 5. Bxf7+ Kxf7 6. Nxe4 d5 7. Neg5+
Kg8 8. d3 h6 9. Nh3 Bg4 10. Nhg1 Qf6 11. h3 Bh5 12. g4 Bf7 13. Be3 Re8 14. Nh2
e4 15. d4 Bd6 16. Qd2 b6 17. O-O-O Na5 18. Kb1 Nc4 19. Qc1 c5 20. c3 Nxe3 21.
fxe3 Rc8 22. Ne2 Qf2 23. Nf4 g5 24. Rdf1 Qg3 25. Rfg1 Qh4 26. Ne2 Qf2 27. Qe1
Qxe3 28. Nf1 Qd3+ 29. Ka1 cxd4 30. Nxd4 Be5 31. Nf5 Rxc3 32. Rg3 Bxg3 33. N1xg3
Rc2 34. Qb4 Qd2 35. Qxd2 Rxd2 36. Kb1 Kh7 37. Kc1 Rf2 38. a3 Rc8+ 39. Kb1 Rcc2
40. Nd4 Rxb2+ 41. Ka1 Ra2+ 42. Kb1 Bg6 43. Ngf5 Bxf5 44. Nxf5 Rfb2+ 45. Kc1
Ra1+ 46. Kxb2 Rxh1 0-1

[Event "76. LJUBLJANSKA SAHOVSKA LIGA 2024"]
[Site "gostovanja"]
[Date "2024.03.14"]
[Round "5.8"]
[White "Zagar, Katarina"]
[Black "Becic, Semso"]
[Result "0-1"]
[WhiteElo "1131"]
[BlackElo "1595"]
[PlyCount "95"]
[EventDate "2024.01.18"]
[WhiteTeam "SK KOMENDA POGI"]
[BlackTeam "ZELENCI LPP"]

1. d4 d5 2. c4 Nf6 3. cxd5 Qxd5 4. Nc3 Qd8 5. e4 e6 6. Nge2 Bb4 7. f3 c6 8. a3
Ba5 9. b4 Bc7 10. Qc2 e5 11. Be3 Be6 12. Rd1 Qc8 13. d5 cxd5 14. Nxd5 Bxd5 15.
exd5 O-O 16. Bg5 e4 17. f4 Nbd7 18. g3 h6 19. Bxf6 Nxf6 20. Bg2 Re8 21. Qd2 Bb6
22. a4 a5 23. b5 Bc5 24. Kf1 Ng4 25. Nd4 e3 26. Qe2 Nf2 27. Rc1 Nxh1 28. Bxh1
b6 29. Nc6 Qh3+ 30. Ke1 Qf5 31. Qc2 Qf6 32. Ne5 Rxe5 33. fxe5 Qxe5 34. Qe4 Qf6
35. Qf3 Bb4+ 36. Kf1 Qd4 37. Rd1 Bd2 38. Qe4 Qf6+ 39. Qf3 Qg6 40. Qe4 Qd6 41.
Qf4 Qd7 42. Ke2 Qh3 43. g4 Qh4 44. Qg3 Qf6 45. Qf3 Qb2 46. Kf1 Re8 47. Qe2 Qf6+
48. Qf3 0-1

[Event "76. LJUBLJANSKA SAHOVSKA LIGA 2024"]
[Site "gostovanja"]
[Date "2024.03.14"]
[Round "5.8"]
[White "Levacic, Matic"]
[Black "Perme, Lojze"]
[Result "1-0"]
[WhiteElo "1000"]
[BlackElo "1034"]
[PlyCount "75"]
[EventDate "2024.01.18"]
[WhiteTeam "ZELENCI LPP"]
[BlackTeam "SK KOMENDA POGI"]

1. e4 e5 2. Nf3 Nc6 3. Bc4 Bc5 4. d3 h6 5. h3 Nf6 6. O-O O-O 7. Nc3 d6 8. a3
Be6 9. Nd5 Bxd5 10. Bxd5 Nxd5 11. exd5 Ne7 12. c4 Re8 13. d4 exd4 14. Nxd4 Bxd4
15. Qxd4 Nf5 16. Qg4 Qd7 17. Bxh6 Rad8 18. Bg5 f6 19. Bxf6 Rc8 20. Rfe1 Kf8 21.
Bxg7+ Qxg7 22. Qxf5+ Kg8 23. Qg4 Qxg4 24. hxg4 Rf8 25. Re7 Rf4 26. Rc1 b6 27.
f3 Rd4 28. g5 Rd2 29. b4 Ra2 30. Rc3 Kf8 31. Rh7 Kg8 32. g6 Re2 33. f4 Re4 34.
f5 Rg4 35. Rch3 Rf8 36. Rh8+ Kg7 37. R3h7+ Kf6 38. Rxf8+ 1-0